Pecharromán y Gaudí [ (Record no. 66898)
[ view plain ]
| 000 -LEADER | |
|---|---|
| campo de control de longitud fija | 01408nam a2200289 i 4500 |
| 001 - NÚMERO DE CONTROL | |
| campo de control | 66898 |
| 003 - IDENTIFICADOR DE NÚMERO DE CONTROL | |
| campo de control | ES-MaACL |
| 005 - FECHA Y HORA DE LA ÚLTIMA TRANSACCIÓN | |
| campo de control | 20230906165901.0 |
| 007 - CAMPO FIJO DE DESCRIPCIÓN FÍSICA--INFORMACIÓN GENERAL | |
| campo de control de longitud fija | t| |
| 008 - DATOS DE LONGITUD FIJA--INFORMACIÓN GENERAL | |
| campo de control de longitud fija | 040419s2003 sp ||||1| spa d |
| 020 ## - NÚMERO INTERNACIONAL ESTÁNDAR DEL LIBRO | |
| Número Internacional Estándar del Libro | 84-87622-74-7 |
| 245 00 - MENCIÓN DEL TÍTULO | |
| Título | Pecharromán y Gaudí [ |
| Medio | exposición] |
| Resto del título | : espacios del color en la arquitectura : actos conmemorativos del 150 aniversario del nacimiento de Antonio Gaudí = Pecharromán to Gaudí : spaces of color in architecture : commemorative events of Antonio Gaudí's 150th birth anniversary / |
| Mención de responsabilidad, etc. | [textos Carmelo Arribas Pérez ; traducción Javier Gallego Alvarez]. |
| 260 ## - PUBLICACIÓN, DISTRIBUCIÓN, ETC. | |
| Lugar de publicación, distribución, etc. | Mérida : |
| Nombre del editor, distribuidor, etc. | Asamblea de Extremadura, Departamento de Publicaciones, |
| Fecha de publicación, distribución, etc. | [2003] |
| 300 ## - DESCRIPCIÓN FÍSICA | |
| Extensión | 121 p. : |
| Otras características físicas | il. ; |
| Dimensiones | 31 cm. |
| 500 ## - NOTA GENERAL | |
| Nota general | Texto paralelo en español e inglés. |
| 500 ## - NOTA GENERAL | |
| Nota general | Exposición celebrada en el Patio Noble de la Asamblea de Extremadura, Mérida, mayo-junio de 2003. |
| 600 14 - PUNTO DE ACCESO ADICIONAL DE MATERIA--NOMBRE DE PERSONA | |
| Nombre de persona | Pecharromán, Ricardo- |
| Subdivisión de forma | Exposiciones. |
| 9 (RLIN) | 89842 |
| 600 14 - PUNTO DE ACCESO ADICIONAL DE MATERIA--NOMBRE DE PERSONA | |
| Nombre de persona | Gaudí, Antoni- |
| Subdivisión general | Influencia - Pecharromán, Ricardo. |
| 9 (RLIN) | 205853 |
| 610 17 - PUNTO DE ACCESO ADICIONAL DE MATERIA--NOMBRE DE ENTIDAD CORPORATIVA | |
| Nombre de entidad corporativa o nombre de jurisdicción como elemento de entrada | Extremadura. |
| Unidad subordinada | Asamblea. |
| 9 (RLIN) | 4050 |
| 650 #4 - PUNTO DE ACCESO ADICIONAL DE MATERIA--TÉRMINO DE MATERIA | |
| Término de materia o nombre geográfico como elemento de entrada | Pintura española- |
| Subdivisión cronológica | S.XX- |
| Subdivisión de forma | Exposiciones. |
| 9 (RLIN) | 16043 |
| 655 #7 - TERMINO DE INDIZACIÓN--GENERO/FORMA | |
| Fuente del término | tgfbne |
| 9 (RLIN) | 193628 |
| Datos o término principal de género/forma | Catálogos de exposiciones |
| 700 1# - ENTRADA AGREGADA--NOMBRE PERSONAL | |
| Nombre de persona | Arribas Pérez, Carmelo. |
| 9 (RLIN) | 23296 |
| 700 1# - ENTRADA AGREGADA--NOMBRE PERSONAL | |
| Nombre de persona | Gallego Alvarez, Javier. |
| 9 (RLIN) | 53548 |
| 852 ## - LOCALIZACIÓN | |
| Ubicación | ES-MaACL |
| Número de control de estantería | L-27373 |
| Sublocalización o colección | R.133647 |
| 942 ## - ELEMENTOS DE ENTRADA SECUNDARIOS (KOHA) | |
| Fuente del sistema de clasificación o colocación | Clasificación decimal universal |
| Estatus retirado | Estado de pérdida | Estado de daño | No para préstamo | Biblioteca de origen | Biblioteca actual | Ubicación en estantería | Fecha de adquisición | Fuente de adquisición | Total de préstamos | Signatura topográfica completa | Código de barras | Visto por última vez | Precio de reemplazo | Tipo de ítem Koha |
|---|---|---|---|---|---|---|---|---|---|---|---|---|---|---|
| Biblioteca del Ateneo de Madrid | Biblioteca del Ateneo de Madrid | Depósito 2 | 17/01/2008 | L-27373 | 1070069 | 23/02/2023 | 23/02/2023 | Libro impreso |
